The winning way / (Record no. 53838)
[ view plain ]
| 000 -LEADER | |
|---|---|
| fixed length control field | 01086nam a22002417a 4500 |
| 005 - DATE AND TIME OF LATEST TRANSACTION | |
| control field | 20110713135929.0 |
| 010 ## - LCCN (DPL NO) | |
| LC control number | ENG-103014 B-460879 |
| 020 ## - INTERNATIONAL STANDARD BOOK NUMBER | |
| International Standard Book Number | 9789380658322 |
| Terms of availability | 200.00 |
| 035 ## - SYSTEM CONTROL NUMBER | |
| System control number | EN-86547 B-460879 |
| 037 ## - SOURCE OF ACQUISITION | |
| Source of stock number/acquisition | DBAD / PUB |
| 037 ## - SOURCE OF ACQUISITION | |
| Source of stock number/acquisition | Virtuous Pub/Ven |
| 082 ## - DEWEY DECIMAL CLASSIFICATION NUMBER | |
| Classification number | 796.358 |
| 100 ## - MAIN ENTRY--PERSONAL NAME | |
| Personal name | Bhogle, Anita |
| 245 ## - TITLE STATEMENT | |
| Title | The winning way / |
| Statement of responsibility, etc | by Anita Bhogle [and] Harsha Bhogle |
| 260 ## - PUBLICATION, DISTRIBUTION, ETC. (IMPRINT) | |
| Place of publication, distribution, etc | Chennai |
| Name of publisher, distributor, etc | Westland |
| Date of publication, distribution, etc | 2011 |
| 270 ## - ADDRESS | |
| Address | Venkat Towers, 165, P.H.Road, Maduravoyal |
| City | Chennai |
| Postal code | 600095 |
| 300 ## - PHYSICAL DESCRIPTION | |
| Extent | xv,196p. |
| Dimensions | 21cm (pbk) |
| 700 ## - ADDED ENTRY--PERSONAL NAME | |
| 9 (RLIN) | 29429 |
| Personal name | Bhogle, Harsha |
| 942 ## - ADDED ENTRY ELEMENTS (KOHA) | |
| Source of classification or shelving scheme | Dewey Decimal Classification |
| Item type | English Books |
| Call number suffix | BHO |
| Classification part | 796.358 |
| Withdrawn status | Lost status | Not for loan | Collection code | Home library | Current library | Date acquired | Source of acquisition | Cost, normal purchase price | Full call number | Barcode | Copy number | Cost, replacement price | Koha item type |
|---|---|---|---|---|---|---|---|---|---|---|---|---|---|
| Non-fiction | Central Library | Central Library | 15/06/2012 | Virtuous Pub/936/04.02.2012/28/18.01.2012/10.02.2012 | 200.00 | 796.358 BHO | B-460879 | 1 | 200.00 | English Books | |||
| Not For Loan | Non-fiction | D.B.Act.Division | D.B.Act.Division | 13/07/2011 | DBAD/PUB | 200.00 | 796.358BHO | EN-86547 | 1 | 200.00 | English Books |
